| 000 | 00624nam a2200229 a 4500 | ||
|---|---|---|---|
| 005 | 20231017063816.0 | ||
| 008 | 020719s1999 mx r 000 0 spa d | ||
| 020 | _a9706077626 | ||
| 035 | _aUPN01000118162 | ||
| 049 | _aLT | ||
| 050 | 4 |
_aLB1631 M6.1 _bZ3.3 1999 |
|
| 100 | 1 | _aZamarrón Terán, Francisco | |
| 245 | 1 | 0 |
_aInteract 1 / _cFrancisco Zamarrón Terán |
| 250 | _a5a ed. | ||
| 260 |
_aMéxico : _bLarousse, _cc1999. |
||
| 300 |
_a143 p. : _bil., fots., col. |
||
| 500 | _aEnglish | ||
| 650 | 4 |
_aInglés _xEstudio y enseñanza (Secundaria) _95708 |
|
| 901 | _a191554 | ||
| 902 | _aCAA/mema | ||
| 905 | _aLibro | ||
| 999 |
_c90540 _d90540 |
||